000 00376nam a2200109Ia 4500
008 170221s9999 xx 000 0 und d
100 _aNixon Kamukama
245 _aMobile Money Services: a Liquidity Threat to Uganda’s Commercial Banks
245 _cNixon Kamukama & Sulait Tumwine
650 _xBusiness
856 _uhttp://www.globip.com/articles/african-vol8-article3.pdf
999 _c307741
_d307741